Szczegóły MARC21

Starość jest piękna : manifest przeciwko kultowi młodości /

003 -Nazwa inst., której nr kontr. jest w polu 001 [,]
    • @
    • Nazwa instytucji, której n kontrolny jest w polu 001
    • NUKAT
005 -DATA I CZAS OSTATNIEJ MODYFIKACJI [,]
    • @
    • pole kontrolne
    • 20241231095346.0
020 -Międzynarod. znormalizowany nr książki - ISBN [ , ]
    • a
    • Numer ISBN
    • 9788360699058 Find
040 -Instytucja sporządzająca opis [ , ]
    • a
    • Instytucja, która sporządziła opis (NP)
    • WR O/JG
    • c
    • Instytucja, która sporządziła rekord (NP)
    • WR O/JGs
    • d
    • Instytucja, która zmodyfikowała rekord (P)
    • WR O/GW
    • d
    • Instytucja, która zmodyfikowała rekord (P)
    • WR U/dl
041 -Język dokumentu [1, ]
    • a
    • Język tekstu (P)
    • polski
    • h
    • Język tekstu oryginalnego i/lub pośredniego (P)
    • niemiecki
942 -Rodzaj dokumentu [ , ]
    • c
    • Rodzaj dokumentu
    • Książka
100 -Hasło główne - nazwa osobowa [1, ]
    • a
    • Nazwa osobowa (NP)
    • Vilar, Esther
    • d
    • Daty biograficzne (NP)
    • (1935- ).
    • 9
    • KHW
    • 90389
240 -Tytuł ujednolicony [1,0]
    • a
    • Tytuł ujednolicony
    • Alt heißt schön
    • l
    • Język tekstu
    • (pol.)
    • 9
    • KHW
    • 90391
245 -Strefa tytułu i oznaczenia odpowiedzialności [1,0]
    • a
    • Tytuł
    • Starość jest piękna : Find
    • b
    • Ciąg dalszy tytułu (NP)
    • manifest przeciwko kultowi młodości / Find
    • c
    • Pozostałe elementy strefy tytułu i oznaczenia odpowiedzialności (NP)
    • Esther Vilar ; przekł. Bożena Intrator.
260 -Strefa adresu wydawniczego [ , ]
    • a
    • Miejsce wydania (P)
    • Warszawa :
    • b
    • Nazwa wydawcy (P)
    • Agencja Dramatu i Teatru "ADiT",
    • c
    • Data wydania (P)
    • 2008.
300 -Strefa opisu fizycznego [ , ]
    • a
    • Określenie formy książki i/lub objętość (NP)
    • 88, [3] s. ;
    • c
    • Format (NP)
    • 21 cm.
336 -Typ zawartości [ , ]
    • a
    • Termin opisujący typ zawartości
    • Tekst
    • b
    • Kod określający zawartość
    • txt
    • 2
    • Źródło (terminu i kodu)
    • rdacontent
337 -Typ mediów [ , ]
    • a
    • Tryb odtwarzania
    • Bez urządzenia pośredniczącego
    • b
    • Kod typu mediów
    • n
    • 2
    • Źródło (terminu i kodu)
    • rdamedia
338 -Typ/rodzaj nośnika [ , ]
    • a
    • Hasło opisujące typ nośnika
    • Wolumin
    • b
    • Kod typu nośnika
    • nc
    • 2
    • Źródło (terminu i kodu)
    • rdacarrier
080 -Uniwersalna Klasyfikacja Dziesiętna [ , ]
    • 2
    • Identyfikator wydania tablic
    • UDC-P058
    • 9
    • UKD
    • 11661
    • a
    • Symbol klasyfikacji
    • 316.346.3-053.9
    • b
    • Dopowiedzenie
    • Socjologia ludzi starych.
080 -Uniwersalna Klasyfikacja Dziesiętna [ , ]
    • 2
    • Identyfikator wydania tablic
    • UDC-P058
    • 9
    • UKD
    • 2409
    • a
    • Symbol klasyfikacji
    • 159.9-053.9
    • b
    • Dopowiedzenie
    • Psychologia ludzi starych.
080 -Uniwersalna Klasyfikacja Dziesiętna [ , ]
    • 2
    • Identyfikator wydania tablic
    • UDC-P058
    • 9
    • UKD
    • 2472
    • a
    • Symbol klasyfikacji
    • 172
    • b
    • Dopowiedzenie
    • Etyka społeczna. Moralność społeczna.
080 -Uniwersalna Klasyfikacja Dziesiętna [ , ]
    • 2
    • Identyfikator wydania tablic
    • UDC-P058
    • 9
    • UKD
    • 2479
    • a
    • Symbol klasyfikacji
    • 177
    • b
    • Dopowiedzenie
    • Etyka stosunków społecznych. Obowiązki wobec ludzi w ogólności. Szczerość. Honor. Grzeczność. Kłamstwo. Snobizm. Miłość. Flirt. Przyjaźń. Współczucie. Wdzięczność. Uczciwość. Sprawiedliwość. Filantropia.
650 -Hasło przedmiotowe [ ,7]
    • a
    • Hasło przedmiotowe
    • Starość
    • x
    • Określnik rzeczowy
    • aspekt społeczny.
    • 2
    • Źródło terminu
    • kaba
    • 9
    • KHW
    • 363629
980 -Symbol UKD [ , ]
    • a
    • UKD
    • 316.346.3-053.9:159.9-053.9:172:177
700 -Hasło dodatkowe - nazwa osobowa [1, ]
    • a
    • Nazwa osobowa (NP)
    • Intrator, Bożena Find
    • d
    • Daty biograficzne (NP)
    • (1959- ).
    • e
    • Określenie rodzaju współpracy
    • Tł.
    • 9
    • KHW
    • 90388
920 -ISBN [ , ]
    • a
    • ISBN
    • 978-83-60699-05-8 Find
Numer inwentarzowy Status udost. Lokalizacja Data inwentaryzacji
Z.1211871BG2015-12-09
WM.18555-3BG2015-12-09
WM.18556-3BG2015-12-09